000 00646nam a22001937a 4500
003 OSt
005 20160818144315.0
008 160818b xxu||||| |||| 00| 0 eng d
020 _a0852072813
040 _c040a
082 _aWB 930
_bL563a 2000
100 _aLessell, Colin B.
_910776
245 _aA textbook of dental homoeopathy :
_bfor dental surgeons, homoeopathists and general medical practitioners/
_cColin B. Lessell
260 _aEssex
_bC. W Daniel company limited
_c2000
300 _aiii, 212p;
_bill :
_c12 cm.
504 _aIncludes bibliographical references and index
650 _aDental homoeopathy
_910777
942 _2z
_cO_SHELF
999 _c5034
_d5034